| 000 | 00649nam a2200229Ia 4500 | ||
|---|---|---|---|
| 005 | 20260629163255.0 | ||
| 008 | 260629s9999||||xx |||||||||||||| ||und|| | ||
| 020 |
_a9780141182506 _qpbk |
||
| 082 |
_a843.914 _bCAM |
||
| 100 | _aCamus, Albert | ||
| 245 | 4 | _aThe outsider | |
| 250 | _a1st ed. 1983 ; rep. 2000 | ||
| 260 |
_aLondon _bPenguin Books _c1983 |
||
| 300 | _a118p. ; 20cm. | ||
| 653 | _aAlienation (Social psychology)—Fiction | ||
| 653 | _aExistentialism—Fiction | ||
| 653 | _aFrench Algeria—Fiction | ||
| 653 | _aPhilosophical fiction | ||
| 653 | _aPsychological fiction | ||
| 700 | _aLaredo, Joseph [tr.] | ||
| 942 | _cBK | ||
| 999 |
_c57323 _d57323 |
||